00870nam a2200253 i 4500003000900000005001700009007000300026008004100029020001800070040003000088041000800118082001900126100003400145245005000179264004800229300002800277336002700305337003300332338002800365500007000393500006800463504003900531586004600570DO-SdBNP20251125131451.0ta140207s2012 dr er 001 e spa d a9789945469998 aDO-SdBNPbspacBNPHUerda aspa 4axxxbT693a2221 aTorres, Esteban,eautor4aut.10aAntropología dramática /cEsteban Torres  4aSanto Domingo :bEditora Nacional,c©2012. a137 páginas ;c23 cm. atextobtxt2rdacontent asin mediaciónbn2rdamedia avolumenbnc2rdacarrier aIncluye datos biográficos del autor en la solapa de la cubierta aIncluye referencias bibliográficas y notas a pie de páginas aBibliografía : páginas 133-137 aPremio Letras de Ultramar de Ensayo, 2011